BIBLIOTECA

SENCICO

Herramientas matemáticas para la arquitectura y el diseño / (Registro nro. 431)

Detalles MARC
000 -LEADER
fixed length control field 01220nam a2200289Ia 4500
003 - CONTROL NUMBER IDENTIFIER
control field PE SENCICO BE
005 - DATE AND TIME OF LATEST TRANSACTION
control field 20251020182437.0
008 - FIXED-LENGTH DATA ELEMENTS--GENERAL INFORMATION
fixed length control field 200515s9999 xx 000 0 und d
020 ## - INTERNATIONAL STANDARD BOOK NUMBER
International Standard Book Number 978-958-8675-32-9
040 ## - CATALOGING SOURCE
Original cataloging agency PE SENCICO BE
Transcribing agency PE SENCICO BE
041 ## - LANGUAGE CODE
Language code of text/sound track or separate title spa
082 ## - DEWEY DECIMAL CLASSIFICATION NUMBER
Classification number 720.2
Item number S75
100 1# - MAIN ENTRY--PERSONAL NAME
Personal name Spinadel, Vera W. de
9 (RLIN) 3153
Relator term autor
245 10 - TITLE STATEMENT
Title Herramientas matemáticas para la arquitectura y el diseño /
Statement of responsibility, etc. Vera W. de Spinadel, Hernán S. Nottoli
250 ## - EDITION STATEMENT
Edition statement 1a ed.
260 ## - PUBLICATION, DISTRIBUTION, ETC.
Place of publication, distribution, etc. Bogotá :
Name of publisher, distributor, etc. ediciones de la U ;
Date of publication, distribution, etc. 2011
300 ## - PHYSICAL DESCRIPTION
Extent 152 páginas :
Other physical details ilustraciones ;
Dimensions 24 cm.
504 ## - BIBLIOGRAPHY, ETC. NOTE
Bibliography, etc. note Bibliografía: p. 149
520 3# - SUMMARY, ETC.
Summary, etc. Aborda puntos de contacto entre este dos campos: desarrolla contenidos de la disciplina matemática aplicándolos a temas directamente vinculados al quehacer de arquitectos y diseñadores. El eclecticismo del conjunto responde al recorte elegido, y a la intención de enfatizar los vínculos con la práctica profesional
650 10 - SUBJECT ADDED ENTRY--TOPICAL TERM
Topical term or geographic name entry element Arquitectura
9 (RLIN) 49
650 20 - SUBJECT ADDED ENTRY--TOPICAL TERM
Topical term or geographic name entry element Derivadas (Matemáticas)
9 (RLIN) 3154
650 20 - SUBJECT ADDED ENTRY--TOPICAL TERM
Topical term or geographic name entry element Integrales
9 (RLIN) 3155
650 20 - SUBJECT ADDED ENTRY--TOPICAL TERM
Topical term or geographic name entry element Estadística
9 (RLIN) 1473
650 20 - SUBJECT ADDED ENTRY--TOPICAL TERM
Topical term or geographic name entry element Topografía
9 (RLIN) 4
700 1# - ADDED ENTRY--PERSONAL NAME
9 (RLIN) 3156
Personal name Nottoli, Hernán S.
Relator term autor
942 ## - ADDED ENTRY ELEMENTS (KOHA)
Koha item type Libros
Source of classification or shelving scheme Dewey Decimal Classification
Existencias
Fecha de la última vez que lo usaron Número de ingreso o de inventario Pago total Signatura topográfica completa Código de barras Precio efectivo desde Tipo de documento Estado perdido Sistema de clasificación Estado dañado No es para préstamo Retirado Ubicación permanente Ubicación actual Fecha de adquisición
15/05/2020 15344   720.2/S75 BibLima25060026 15/05/2020 Libros   Dewey Decimal Classification       Biblioteca Central Lima Biblioteca Central Lima 15/05/2020